Historia marítima argentina, vi: la guerra contra el imperio del brasil, 1825-1828 /

Guardado en:
Formato: Libro
Publicado: Buenos Aires : Ripari, 1988
Materias:
Etiquetas: Agregar Etiqueta
Sin Etiquetas, Sea el primero en etiquetar este registro!
LEADER 00668nam a22001815a 4500
001 EHU.bham044017
003 AR-BHAM
005 20160531102503.0
008 130507s1988##################000#0#####d
020 |a 9509257060 
082 3 5 |a 359.82 
245 0 0 |a Historia marítima argentina, vi: la guerra contra el imperio del brasil, 1825-1828 /  |c  Departamento De Estudios Históricos Navales 
260 |a Buenos Aires :  |b Ripari,  |c 1988 
300 |a 583 p. 
653 |a Historia marítima argentina 
653 |a Armada argentina-historia de la 
653 |a Historia argentina-guerra del brasil, 1825-1828 
859 |a AR-BHAM  |b BIB. HUMANIDADES - General  |h 359.82  |i H69  |p 209.16  |t Ej.1  |v VI  |3 VI